| 000 | 00686nam a2200253Ia 4500 | ||
|---|---|---|---|
| 003 | OSt | ||
| 005 | 20221006153351.0 | ||
| 006 | a|||||r|||| 00| 0 | ||
| 007 | ta | ||
| 008 | 221006b |||||||| |||| 00| 0 eng d | ||
| 020 | _a8973753010 | ||
| 024 | _a32,127 | ||
| 037 |
_bGift, Korean Embassy _cTextual |
||
| 040 |
_aEASL _cEASL _beng |
||
| 041 |
_2eng _aeng |
||
| 082 | _aV495.P<-B, N4 | ||
| 245 | 0 |
_aKorea _b Its history and culture |
|
| 260 |
_aSeoul _bKorean Overseas Information Service Korea _c1994 |
||
| 300 |
_a91p. _ccm. |
||
| 650 | _a KEL | ||
| 650 | _aHistory | ||
| 942 |
_hV495.P<-B, N4 _cTEXL _2CC |
||
| 999 |
_c1100213 _d1100213 |
||